| 000 | 00768nam0a22002531 4500 | ||
|---|---|---|---|
| 001 | rc\55339 | ||
| 005 | 20250620162905.0 | ||
| 010 |
_a5-86015-025-3 _91000 |
||
| 035 | _a(NLR Aleph) 005332775 | ||
| 090 |
_a6609507 _c6609507 |
||
| 100 | _a20021216d1994 |||y0rusy50 ca | ||
| 101 | 0 | _arus | |
| 102 | _aRU | ||
| 105 | _ay ||||||||| | ||
| 200 | 1 | _aО токсично радиоактивных смесях в средах обитания | |
| 210 |
_aМ. _cГП "Малоярославец. тип." _d1994 |
||
| 215 |
_a38, [1] с. _d20 |
||
| 700 | 1 |
_aИванов _bС.К. _gСергей К. |
|
| 701 | 1 |
_aПолянцев _bС.С. _gСергей С. |
|
| 801 | 0 |
_aRU _bNLR _gpsbo |
|
| 801 | 1 |
_aRU _bELAR _2rusmarc |
|
| 852 |
_aNLR _j95-4/3761 |
||
| 942 | _cBOOK | ||
| 980 | _aNB | ||